000 00599nam a2200205 i 4500
001 118903
003 ES-MaACL
005 20230906191213.0
007 t|
008 070214s1970 sp |||| | spa d
100 1 _aPérez de la Dehesa, Rafael.
_990781
245 1 3 _aEl grupo Germinal
_b: una clave del 98 /
_cRafael Pérez de la Dehesa.
260 _aMadrid :
_bTaurus,
_c1970.
300 _a116 p. ;
_c18 cm.
490 1 _aCuadernos Taurus ;
_v99
610 2 4 _aGerminal (Grupo)
_9164951
830 1 _aCuadernos Taurus ;
_v99
_9180748
852 _aES-MaACL
_jC-50741
999 _c118903
_d118903